000 00308nam a2200121Ia 4500
008 190216s9999||||xx |||||||||||||| ||und||
100 _aSohrab R Gandhi M
245 4 _aThe Mango In India
260 _b"Farm Information Unit, Newdelhi"
_c1978
300 _a77p
650 _aThe Mango In India
942 _cREF
999 _c35318
_d35318